[Event "ESP-ch Seniors 50"]
[Site "Altea"]
[Date "2021.10.31"]
[Round "1"]
[White "Leiros Vila, Avelino"]
[Black "Gordero Montoya, Felix"]
[Result "1/2-1/2"]
[WhiteElo "2109"]
[BlackElo "1870"]
[PlyCount "151"]
[EventDate "2021.10.31"]
[EventType "swiss"]
[EventRounds "9"]
[EventCountry "ESP"]
[SourceTitle "CBM 205 Extra"]
[Source "ChessBase"]
[SourceDate "2022.01.31"]
[SourceVersion "1"]
[SourceVersionDate "2022.01.31"]
[SourceQuality "1"]

1. d4 d5 2. Bf4 Bf5 3. e3 Nf6 4. c4 dxc4 5. Bxc4 e6 6. Nc3 c6 7. Nf3 Nbd7 8. 0-0 Be7 9. h3 h6 10. Bh2 Ne4 11. Nxe4 Bxe4 12. Nd2 Bg6 13. Qe2 Nf6 14. Nf3 Bh5 15. g4 Bg6 16. Ne5 Bh7 17. f4 Be4 18. f5 Bd5 19. fxe6 fxe6 20. Ng6 Rg8 21. Nf4 Qd7 22. a4 a5 23. Bd3 Be4 24. Ng6 Bxd3 25. Qxd3 Qd5 26. Nf4 Qe4 27. Qxe4 Nxe4 28. Nxe6 Kd7 29. Nf4 Nd2 30. Rf2 Ne4 31. Re2 g6 32. Rf1 h5 33. Nd3 hxg4 34. hxg4 Ke6 35. Be5 Raf8 36. Rxf8 Rxf8 37. Nf4+ Kf7 38. Rh2 Ng5 39. Kg2 Bf6 40. Nd3 Kg7 41. Bf4 Re8 42. Rh1 Ne4 43. Bh6+ Kf7 44. Bf4 g5 45. Be5 Kg6 46. Rf1 Be7 47. Rf5 Rf8 48. Rxf8 Bxf8 49. Kf3 Nd2+ 50. Ke2 Nb3 51. Bc7 Kf6 52. Bd8+ Be7 53. Bxe7+ Kxe7 54. Kd1 b5 55. axb5 cxb5 56. Kc2 a4 57. Kc3 Kd6 58. e4 Kc6 59. Nb4+ Kd6 60. Nd5 Na5 61. Ne3 Nc6 62. Nf5+ Kd7 63. Ne3 b4+ 64. Kc4 a3 65. bxa3 bxa3 66. d5 Ne5+ 67. Kb3 Kd6 68. Kxa3 Kc5 69. Nf5 Nxg4 70. Kb3 Nf6 71. d6 Nd7 72. Kc3 Ne5 73. Kc2 g4 74. Kd1 Kc6 75. Ke2 Nf7 76. Ke3 1/2-1/2